| 000 | 01613nam a2200421 a 4500 | ||
|---|---|---|---|
| 001 | 20254 | ||
| 003 | VRT | ||
| 005 | 20260120115922.0 | ||
| 008 | 190102s1974 xo 000 slo | ||
| 015 | _aSKSNBA1974/07-01934 | ||
| 035 | _aSK01SNK19740044559 | ||
| 035 | _aSKM000047022 | ||
| 039 | 9 |
_a202301291553 _bAUTHORITY _c202301291543 _dAUTHORITY _c201901021550 _dVLOAD _c201610251009 _dAUTHORITY |
|
| 040 |
_aSNK _bslo _cSNK _eAACR2 |
||
| 041 | 1 | _aslo | |
| 044 |
_axo _cSK |
||
| 080 |
_a634.054.73) _21981 |
||
| 100 | 1 |
_aČervenka, Martin, _d1905-1988 |
|
| 245 | 1 | 0 |
_aKľúč na určovanie drevín podľa púčikov a konárikov _cautori: Martin Červenka, Katarína Cigánová ; ilustr. K. Cigánová |
| 260 |
_aBratislava _bSlovenské pedagogické nakladateľstvo _c1974 _eMartin _fTlačiarne SNP |
||
| 300 |
_a237, [2] s., 23 s. fareb. obr. príl. _c8° |
||
| 500 | _aLit. Vysvetl. Tit. dvojlist. Reg. | ||
| 650 | 0 | 7 |
_adreviny _xurčovanie _xkľúče |
| 655 | 7 |
_apríručky _2SNKPH |
|
| 700 | 1 |
_aCigánová, Katarína, _d1922-2006 _4aut _4ill |
|
| 910 | _akis3gmm | ||
| 910 | _asnmk | ||
| 910 | _asvkbb | ||
| 942 |
_2ddc _cOLDO _n0 |
||
| 949 |
_63830001022334 _akurukF7/3 _bkuruk2009/F2288 |
||
| 949 |
_60133039828 _asnmk _bsnmk39828 |
||
| 949 |
_6273K0016548 _asvkpoA 95165 _bsvkpo217314 |
||
| 949 |
_6273K0016549 _asvkpoA 95165a _bsvkpo217323 |
||
| 949 |
_6270001000443896 _asvkbbS 7490 _bsvkbbm 287514 |
||
| 949 |
_649505A03503 _almsmopaj582 _blmsmopaj23744 |
||
| 999 |
_c20254 _d20254 |
||